ជម្ងឺអុតក្តាមគោ ក្របី នៅប្រទេសកម្ពុជា (Record no. 1559)

000 -LEADER
fixed length control field 00482nam a22001577a 4500
003 - CONTROL NUMBER IDENTIFIER
control field OSt
005 - DATE AND TIME OF LATEST TRANSACTION
control field 20151001095355.0
008 - FIXED-LENGTH DATA ELEMENTS--GENERAL INFORMATION
fixed length control field 151001b xxu||||| |||| 00| 0 eng d
040 ## - CATALOGING SOURCE
Transcribing agency RUA
082 ## - DEWEY DECIMAL CLASSIFICATION NUMBER
Classification number AVM នេត 1992 B065 Or.1
100 ## - MAIN ENTRY--PERSONAL NAME
9 (RLIN) 1651
Personal name នេត នាថ
245 ## - TITLE STATEMENT
Title ជម្ងឺអុតក្តាមគោ ក្របី នៅប្រទេសកម្ពុជា
260 ## - PUBLICATION, DISTRIBUTION, ETC. (IMPRINT)
Place of publication, distribution, etc. Phnom Penh
Name of publisher, distributor, etc. RUA
Date of publication, distribution, etc. 1992
300 ## - PHYSICAL DESCRIPTION
Extent 87p.
Other physical details ill.
Dimensions 29cm.
942 ## - ADDED ENTRY ELEMENTS (KOHA)
Source of classification or shelving scheme
Koha item type AVM
Holdings
Price effective from Date last seen Permanent Location Not for loan Date acquired Source of classification or shelving scheme Koha item type Lost status Withdrawn status Date last checked out Total Checkouts Shelving location Damaged status Barcode Current Location Full call number
2015-10-012015-10-01Library Block B 2015-10-01 AVM    B065 RUA007180Library Block BAVM នេត 1992 B065 Or.1
2015-10-012015-10-01Library Block B 2015-10-01 AVM    B065 RUA007467Library Block BAVM នេត 1992 B065 Or.2
2015-10-012015-10-01Library Block B 2015-10-01 AVM    B065 RUA007517Library Block BAVM នេត 1992 B065 Or.3
2015-10-012016-10-14Library Block B 2015-10-01 AVM  2016-09-071B065 RUA007503Library Block BAVM នេត 1992 B065 Or.4
2015-10-012015-10-01Library Block B 2015-10-01 AVM    B065 RUA007431Library Block BAVM នេត 1992 B065 Or.5
2016-06-292016-06-29Library Block B 2016-06-29 AVM      RUA058065Library Block BAVM នេត 1992 B065 Or.6
មជ្ឈមណ្ឌលឯការនៃសាកលវិទ្យាល័យភូមិន្ទកសិកម្មចំការដូង

Powered by Koha